Southville International School and Colleges
Your cart is empty.
  • Cart
  • Lists
    Public lists Eva Luna New books Lux_list list_1
    Your lists Log in to create your own lists
  • Log in to your account
  • Your cookies
  • Search history
Southville International School and Colleges
  • Advanced search
  • Recent comments
  • Most popular
  • Libraries

Log in to your account

Log in with GOOGLE


If you do not have an external account, but do have a local account, you can still log in:

  1. Home
  2. MARC view: Video production and digital photography for beginners /
Normal view MARC view ISBD view

Video production and digital photography for beginners / (Record no. 23984)

[ view plain ]
MARC details
000 -LEADER
fixed length control field 00587nam a2200205 a 4500
005 - DATE AND TIME OF LATEST TRANSACTION
control field 20140310183503.0
008 - FIXED-LENGTH DATA ELEMENTS--GENERAL INFORMATION
fixed length control field 101014s19uu xx 00 eng d
020 ## - INTERNATIONAL STANDARD BOOK NUMBER
International Standard Book Number 9789710550098
050 ## - LIBRARY OF CONGRESS CALL NUMBER
Classification number TR 860
Item number .Qu5 2010
100 ## - MAIN ENTRY--PERSONAL NAME
Personal name Quesada, Bryan T.
245 ## - TITLE STATEMENT
Title Video production and digital photography for beginners /
Statement of responsibility, etc Bryan T. Quesada
250 ## - EDITION STATEMENT
Edition statement 3rd ed.
260 ## - PUBLICATION, DISTRIBUTION, ETC. (IMPRINT)
Place of publication, distribution, etc Philippines :
Name of publisher, distributor, etc TechFactors,
Date of publication, distribution, etc 2010.
300 ## - PHYSICAL DESCRIPTION
Extent 116 p. :
Other physical details col. ill. ;
Dimensions 26 cm.
521 ## - TARGET AUDIENCE NOTE
Target audience note
650 ## - SUBJECT ADDED ENTRY--TOPICAL TERM
Topical term or geographic name as entry element Video production.
650 ## - SUBJECT ADDED ENTRY--TOPICAL TERM
Topical term or geographic name as entry element Visual production.
942 ## - ADDED ENTRY ELEMENTS (KOHA)
Koha item type Books
Source of classification or shelving scheme Library of Congress Classification
Call number prefix Local
Holdings
Withdrawn status Lost status Source of classification or shelving scheme Damaged status Home library Current library Shelving location Date acquired Total Checkouts Full call number Barcode Date last seen Date checked out Copy number Price effective from Koha item type
    Library of Congress Classification   College Library College Library General Circulation Section 10/14/2010 1 TR 860 .Qu5 2010 C11312 05/15/2018 03/13/2017 1 10/18/2013 Books

Video production and digital photography for beginners /

APA

Quesada B. T., . (2010). Video production and digital photography for beginners. Philippines: TechFactors.

Chicago

Quesada Bryan T, . 2010. Video production and digital photography for beginners. Philippines: TechFactors.

Harvard

Quesada B. T., . (2010). Video production and digital photography for beginners. Philippines: TechFactors.

MLA

Quesada Bryan T, . Video production and digital photography for beginners. Philippines: TechFactors. 2010.

  • Place hold
  • Print
  • Cite
  • Add to your cart (remove)
  • Save record
    BIBTEX Dublin Core MARCXML MARC (non-Unicode/MARC-8) MARC (Unicode/UTF-8) MARC (Unicode/UTF-8, Standard) MODS (XML) RIS
  • More searches
    Search for this title in:
    Other Libraries (WorldCat) Other Databases (Google Scholar) Online Stores (Bookfinder.com) Open Library (openlibrary.org)

Exporting to Dublin Core...

SOUTHVILLE LIBRARY

Southville International School and Colleges Library

1281 Tropical Ave. Cor. Luxembourg St., BF Homes International, Las Pinas City

Tel. No. 8256374 / 252358 Loc. 117/146

Powered by Koha